Razantnejší prístup k sociálnym zákonom O sporných otázkach by mali ďalej rokovať

Bibliographic Details
Format: Article
Language:Slovak
Subjects:

MARC

LEADER 00000nab a2200000 a 4500
001 vtls000538371
003 SK-MaSNL
005 20260303012414.0
008 150430c1995 xo 0 slo
015 |a SNBRB19rr/mm-uuuuu 
035 |a CL0538509 
040 |a SNKBUCL  |b slo  |c SNKBUCL  |e AACR2 
041 0 |a slo 
044 |a xo  |c SK 
080 |a 331.881(437.6):331.882(437.6):328.1(437.6):061.3  |2 1981 
080 |a 331.882(437.6)  |2 1981 
080 |a 328.1(437.6)  |2 1981 
245 0 0 |a Razantnejší prístup k sociálnym zákonom  |b O sporných otázkach by mali ďalej rokovať 
650 0 7 |a odbory  |2 snkbucl  |9 2328 
650 0 7 |a zamestnávatelia  |2 snkbucl  |9 13672 
650 0 7 |a vláda Slovenskej republiky  |2 snkbucl  |9 898250 
655 7 |a články z novín a časopisov  |2 snkbucl  |9 267496 
773 0 |t Slovenská republika  |g Roč. 2, č. 22 (27. 1. 1995), s. 2 
850 |a Slovenská národná knižnica v Martine  |a MTA001 
852 |a SNK  |b KIS3GCP 
958 |a RK 
958 |a SK 
992 |a RBX 
999 |c 1597009  |d 1598939